LEADER 01424nam a2200337 u 4500 001 000000071664 003 CaOOAMICUS 005 20070226122145.0 008 020531s1986 it u000 u ita u 020 $a8831140159 (2 v.) 035 $a10931688 040 $aPUL(R)$bita 041 1 $aita$hgrc 130 0 $aApophthegmata Patrum.$lItaliano.$0(OLS)http://pul/title/20162 245 10$aVita e detti dei Padri del deserto /$ca cura di Luciana Mortari. 250 $a2. ed. 260 $aRoma :$bCittà Nuova,$c1986. 300 $a2 v. ;$c18 cm 500 $aTrad. italiana della serie detta alfabetica greca. 504 $aBibliografia in nota. 650 4$aMonachismo e ordini religiosi$zEgitto.$0(OLS)http://pul/subject/731 700 1 $aMortari, Luciana,$csuora.$0(OLS)http://pul/name/5331 850 $aPUL 852 $aPUL$W1$xDP1 Religione 1$y20$m557 L 26-27$j92709$nBK-PRI$b $qStampati$B92709$CPULBib$Z2$F92709 $H $81 852 $aPUL$W1$xDP1 Religione 1$y20$m557 L 26-27$j92709$nBK-PRI$b $qStampati$B92710$CPULBib$Z2$F92710 $H $81 941 1 $a8 961 $aINV: 57916-57917 961 $aINV: 57916-57917 996 $6020$a8831140159 (2 v.)$9(OLS)http://pul/number/92551 996 $6245$aVita e detti dei Padri del deserto$9(OLS)http://pul/title/94332 996 $6260$aRoma :$bCittà Nuova$9(OLS)http://pul/publisher/47927 LEADER 01141nam a2200241 u 4500 001 000000081996 003 CaOOAMICUS 005 20070226123820.0 008 050405s1945 it u000 u ita u 035 $a11037700 040 $aPUL(R)$bita 100 1 $aSponzilli, G.$0(OLS)http://pul/name/36143 245 10$aAb imis :$bla donna cristina per la ricostruzione della vita : famiglia, religione, studio, politica, divertimento /$cGemma Sponzilli ; con prefazione di S. E. Mons. Gilla Gremigni. 260 $aMilano ;$aRoma :$bPro Familia,$c1945. 300 $a52 p. ;$c17 cm 490 1 $aSentieri ;$v3 650 4$aDonna$xConcezione cristiana.$0(OLS)http://pul/subject/28129 830 0$aSentieri (Pro Familia) ;$v3.$0(OLS)http://pul/title/107179 850 $aPUL 852 $aPUL$W1$xDP1 Fondo Cecchetti$y53$m260 T 34$j104528$nBK-PRI$b $qFondi$B104528$CPULBib$Z2$F104528 $82 941 1 $a1 996 $6245$aAb imis :$bla donna cristina per la ricostruzione della vita : famiglia, religione, studio, politica, divertimento$9(OLS)http://pul/title/107178 996 $6260$aMilano ;$aRoma :$bPro Familia$9(OLS)http://pul/publisher/76162